Statistics for Brazil Current Squad

Click here to take the quiz!

General Stats

  • This quiz has been taken 51 times
    (11 since last reset)
  • The average score is 15 of 25

Answer Stats

RoleClubPlayer Name% Correct
GoalkeeperLiverpoolAlisson
100%
ForwardArsenalGabriel Martinelli
100%
DefenderParis Saint-GermainMarquinhos
100%
ForwardReal MadridVinícius Júnior
100%
ForwardArsenalGabriel Jesus
91%
ForwardBarcelonaRaphinha
91%
ForwardReal MadridRodrygo
91%
MidfielderNewcastle UnitedBruno Guimarães
82%
DefenderArsenalGabriel Magalhães
82%
MidfielderAston VillaDouglas Luiz
73%
DefenderJuventusGleison Bremer
73%
DefenderTottenham HotspurEmerson Royal
64%
MidfielderNewcastle UnitedJoelinton
64%
MidfielderInternazionaleCarlos Augusto
55%
ForwardPalmeirasEndrick
55%
ForwardBrighton & Hove AlbionJoão Pedro
55%
GoalkeeperAthlético ParanaenseBento
45%
ForwardPortoPepê
36%
DefenderAl-HilalRenan Lodi
36%
MidfielderFluminenseAndré
18%
GoalkeeperBotafogoLucas Perri
18%
ForwardAtlético MineiroPaulinho
18%
MidfielderPalmeirasRaphael Veiga
18%
Coach-Fernando Diniz
9%
DefenderFluminenseNino
9%

Score Distribution

Percentile by Number Answered

Percent of People with Each Score

Your Score History

You have not taken this quiz since the last reset